00708nam a2200229 a 4500001001300000003000900013005001700022008004100039020002300080082001600103100001800119245006600137260004300203300000900246500003500255650002100290700001800311902000800329942000700337952011700344999001700461nice12345678IN_TiNIC20260116014028.0070413s1990 lona grp 000 0 eng  a0415267498 c29500a301.01bMAU aMauss, Marcel aGiftb The Form and r Eason for Exchange in Archaic Societies aLondon bRoutledge Chapman Hall c1990 a199p aincludes index and biblioraphy aSociology-Theory1 aMauss, Marcel bSRS cBK 001040708StackRoom-aHMIbHMId2007-04-13g295.00l0o301.01 MAUp021601r2007-04-13v295.00w2007-04-13yBK c13573d13573